Textbook of Medical Physiology (Record no. 417)

MARC details
000 -LEADER
fixed length control field 00819cam a2200277 a 4500
001 - CONTROL NUMBER
control field 3962132
003 - CONTROL NUMBER IDENTIFIER
control field OSt
005 - DATE AND TIME OF LATEST TRANSACTION
control field 20170206191736.0
008 - FIXED-LENGTH DATA ELEMENTS--GENERAL INFORMATION
fixed length control field 941006s1996 paua b 001 0 eng c
010 ## - LIBRARY OF CONGRESS CONTROL NUMBER
LC control number 94040510
020 ## - INTERNATIONAL STANDARD BOOK NUMBER
International Standard Book Number 0721659446
040 ## - CATALOGING SOURCE
Original cataloging agency DNLM/DLC
Transcribing agency DLC
Modifying agency DLC
050 00 - LIBRARY OF CONGRESS CALL NUMBER
Classification number QP34.5
Item number .G9 1996
060 00 - NATIONAL LIBRARY OF MEDICINE CALL NUMBER
Classification number QT104 G992t 1996
082 00 - DEWEY DECIMAL CLASSIFICATION NUMBER
Classification number QT104 G990 1996
Edition number 20
100 1# - MAIN ENTRY--PERSONAL NAME
Personal name Guyton, Arthur C.; Hall John E.
9 (RLIN) 1016
245 10 - TITLE STATEMENT
Title Textbook of Medical Physiology
250 ## - EDITION STATEMENT
Edition statement 9th ed.
260 ## - PUBLICATION, DISTRIBUTION, ETC. (IMPRINT)
Place of publication, distribution, etc. Philadelphia :
Name of publisher, distributor, etc. W.B. Saunders,
Date of publication, distribution, etc. c1996.
300 ## - PHYSICAL DESCRIPTION
Extent xliii, 1148 p. :
Other physical details col.ill:
Dimensions 29 cm.
504 ## - BIBLIOGRAPHY, ETC. NOTE
Bibliography, etc Includes bibliographical references and index.
650 #0 - SUBJECT ADDED ENTRY--TOPICAL TERM
Topical term or geographic name as entry element Human physiology.
9 (RLIN) 133
650 12 - SUBJECT ADDED ENTRY--TOPICAL TERM
Topical term or geographic name as entry element Medical physiology
9 (RLIN) 215
906 ## - LOCAL DATA ELEMENT F, LDF (RLIN)
a 7
b cbc
c orignew
d 1
e ocip
f 19
g y-gencatlg
942 ## - ADDED ENTRY ELEMENTS (KOHA)
Source of classification or shelving scheme Other/Generic Classification Scheme
Koha item type Short Loan
Holdings
Withdrawn status Lost status Source of classification or shelving scheme Damaged status Not for loan Home library Current library Date acquired Source of acquisition Inventory number Total Checkouts Full call number Barcode Date last seen Date last checked out Koha item type
    Other/Generic Classification Scheme     MUST Main Library MUST Main Library 16/09/2014 Purchase 01/16488 2 QT104 G990 1996 2014-2777 01/06/2021 19/05/2021 Short Loan
    Other/Generic Classification Scheme     MUST Main Library MUST Main Library 16/09/2014 Purchase 01/16491 1 QT104 G990 1996 2014-2778 07/04/2021 06/04/2021 Book Bank
    Other/Generic Classification Scheme     MUST Main Library MUST Main Library 16/09/2014 Donation 05/23589 2 QT104 G990 1996 2014-2779 12/04/2023 17/02/2023 Book Bank
    Other/Generic Classification Scheme     MUST Main Library MUST Main Library 06/02/2017 purchase 01/16490   QT104 G990 1996 2017-0114 06/02/2017   Book Bank
    Other/Generic Classification Scheme     MUST Main Library MUST Main Library 06/02/2017 purchase 01/16492 1 QT104 G990 1996 2017-0115 29/11/2019 17/09/2019 Book Bank